<?xml version="1.0" encoding="UTF-8"?>
<record
    xmlns:xsi="http://www.w3.org/2001/XMLSchema-instance"
    xsi:schemaLocation="http://www.loc.gov/MARC21/slim http://www.loc.gov/standards/marcxml/schema/MARC21slim.xsd"
    xmlns="http://www.loc.gov/MARC21/slim">

  <leader>01138cam a22003011i 4500</leader>
  <controlfield tag="001">c  64002236 </controlfield>
  <controlfield tag="003">DLC</controlfield>
  <controlfield tag="005">20260227111035.0</controlfield>
  <controlfield tag="008">030808s1956    cc            000 0 chi  </controlfield>
  <datafield tag="010" ind1=" " ind2=" ">
    <subfield code="a">c  64002236 </subfield>
  </datafield>
  <datafield tag="035" ind1=" " ind2=" ">
    <subfield code="a">(CStRLIN)DCLP03-B11390</subfield>
  </datafield>
  <datafield tag="040" ind1=" " ind2=" ">
    <subfield code="a">DLC-R</subfield>
    <subfield code="c">DLC-R</subfield>
    <subfield code="d">OCoLC</subfield>
    <subfield code="d">CU</subfield>
    <subfield code="d">CStRLIN</subfield>
    <subfield code="d">DLC-R</subfield>
    <subfield code="d">DLC</subfield>
  </datafield>
  <datafield tag="050" ind1="0" ind2="0">
    <subfield code="a">RC195.C5</subfield>
    <subfield code="b">W35</subfield>
  </datafield>
  <datafield tag="066" ind1=" " ind2=" ">
    <subfield code="c">$1</subfield>
  </datafield>
  <datafield tag="100" ind1="1" ind2=" ">
    <subfield code="6">880-01</subfield>
    <subfield code="a">Wang, Miaoda.</subfield>
  </datafield>
  <datafield tag="245" ind1="1" ind2="0">
    <subfield code="6">880-02</subfield>
    <subfield code="a">Han fang jian yi /</subfield>
    <subfield code="c">Wang Miaoda zhu.</subfield>
  </datafield>
  <datafield tag="250" ind1=" " ind2=" ">
    <subfield code="6">880-03</subfield>
    <subfield code="a">Xin 1 ban.</subfield>
  </datafield>
  <datafield tag="260" ind1=" " ind2=" ">
    <subfield code="6">880-04</subfield>
    <subfield code="a">Shanghai :</subfield>
    <subfield code="b">Shanghai wei sheng chu ban she,</subfield>
    <subfield code="c">1956.</subfield>
  </datafield>
  <datafield tag="300" ind1=" " ind2=" ">
    <subfield code="a">114 p. ;</subfield>
    <subfield code="c">21 cm.</subfield>
  </datafield>
  <datafield tag="500" ind1=" " ind2=" ">
    <subfield code="6">880-05</subfield>
    <subfield code="a">Yi jian dan e yao zhi ci, shi Ming Zhang Zhongjing yi bai yi shi san fang zhi jing yi.</subfield>
  </datafield>
  <datafield tag="600" ind1="1" ind2="0">
    <subfield code="6">880-06</subfield>
    <subfield code="a">Zhang, Zhongjing,</subfield>
    <subfield code="d">active 168-196.</subfield>
    <subfield code="t">Shang han lun.</subfield>
  </datafield>
  <datafield tag="880" ind1="1" ind2=" ">
    <subfield code="6">100-01/$1</subfield>
    <subfield code="a">&#x738B;&#x9088;&#x8FBE;.</subfield>
  </datafield>
  <datafield tag="880" ind1="1" ind2="0">
    <subfield code="6">245-02/$1</subfield>
    <subfield code="a">&#x6F22;&#x65B9;&#x7C21;&#x4E49; /</subfield>
    <subfield code="c">&#x738B;&#x9088;&#x8FBE;&#x8457;.</subfield>
  </datafield>
  <datafield tag="880" ind1=" " ind2=" ">
    <subfield code="6">250-03/$1</subfield>
    <subfield code="a">&#x65B0;1&#x7248;.</subfield>
  </datafield>
  <datafield tag="880" ind1=" " ind2=" ">
    <subfield code="6">260-04/$1</subfield>
    <subfield code="a">&#x4E0A;&#x6D77; :</subfield>
    <subfield code="b">&#x4E0A;&#x6D77;&#x885E;&#x751F;&#x51FA;&#x7248;&#x793E;,</subfield>
    <subfield code="c">1956.</subfield>
  </datafield>
  <datafield tag="880" ind1=" " ind2=" ">
    <subfield code="6">500-05/$1</subfield>
    <subfield code="a">&#x4EE5;&#x7C21;&#x55AE;&#x627C;&#x8981;&#x4E4B;&#x8F9E;&#x91CB;&#x660E;&#x5F35;&#x4EF2;&#x666F;&#x4E00;&#x767E;&#x4E00;&#x5341;&#x4E09;&#x65B9;&#x4E4B;&#x7CBE;&#x7FA9;.</subfield>
  </datafield>
  <datafield tag="880" ind1="1" ind2="4">
    <subfield code="6">600-06/$1</subfield>
    <subfield code="a">&#x5F35;&#x4EF2;&#x666F;,</subfield>
    <subfield code="d">fl. 168-196.</subfield>
    <subfield code="t">&#x50B7;&#x5BD2;&#x8AD6;.</subfield>
  </datafield>
  <datafield tag="999" ind1=" " ind2=" ">
    <subfield code="c">12844</subfield>
    <subfield code="d">12844</subfield>
  </datafield>
</record>
